| 000 | 01405nam a2200349 c 4500 | ||
|---|---|---|---|
| 003 | BLK | ||
| 005 | 20240621005334.0 | ||
| 008 | 180411b bul|||||r ||||||| ||bul|| | ||
| 010 | _aKNG00184797000 | ||
| 040 | _aBLK | ||
| 041 |
_aBUL _cBUL |
||
| 080 |
_aОтделни родове. Фамилии. История на родовете _b929.52 _x(497.2) Каравасилеви _z929.52(497.2) Каравасилеви |
||
| 080 |
_aБългарска литература _b821.163.2 _x-32 _z821.163.2-32 |
||
| 100 | 1 |
_aКаравасилев, Васил _eпърви автор _9383318 |
|
| 139 |
_aКаравасилев, Васил _bК 29 |
||
| 245 | 1 | 0 |
_aКръстци _bДокум. разкази за Каравасилевия род _cВасил Каравасилев. |
| 257 | _aBGR | ||
| 260 |
_аБургас _bИзд. авт. _c1993 _fРусе : Дунав прес |
||
| 300 |
_a71 с., 10 л. _bил., портр., факс. _c20 см |
||
| 380 | _a9 | ||
| 500 | _aОфс. изд. | ||
| 650 | 0 |
_aРодове, български _9242498 |
|
| 650 | 4 |
_aГенеалогия _9151751 |
|
| 653 | _aбългарски родове | ||
| 653 | _aгенеалогия | ||
| 852 | _aЦб 178152 | ||
| 856 | 4 |
_qpdf _u |
|
| 856 | 4 |
_qpdf _u |
|
| 942 |
_cKNG _n0 |
||
| 944 |
_aCR _c12.11.2015 _k _lCRON CRON |
||
| 944 |
_aED _c24.10.2016 _kЛюбка_Николова |
||
| 999 |
_c176192 _d176192 |
||